Draw Map of Africa by naming Countries along the Coast - Statistics

General Stats
  • This quiz has been taken 6,764 times
  • The average score is 28 of 32
Answers on the Map
Answers color-coded by a green-red scale on the quiz's map according to % correct below.
 
Answer Stats
Country % Correct
Algeria
100%
Egypt
97%
Libya
97%
Tunisia
97%
Sudan
96%
Djibouti
94%
Eritrea
94%
Kenya
94%
Somalia
94%
South Africa
94%
Angola
93%
Mozambique
93%
Namibia
93%
Tanzania
93%
D. R. Congo
91%
Gabon
86%
Rep. of the Congo
86%
Benin
85%
Cameroon
85%
Equatorial Guinea
85%
Nigeria
85%
Togo
85%
Cote d'Ivoire
84%
Ghana
84%
Liberia
83%
Guinea
82%
Mauritania
82%
Morocco
82%
Senegal
82%
Sierra Leone
82%
Gambia
81%
Guinea-Bissau
81%
No matching quizzes found
Score Distribution
Percent of People with Each Score
Percentile by Number Answered
Your Score History
You have not taken this quiz